[Event "Michigan Open Reserve"]
[Site "Cadillac, MI"]
[Date "1999.09.05"]
[Round "5"]
[White "Saylor, Oliver"]
[Black "Imai, Toshio"]
[Result "0-1"]
[WhiteElo "1308"]
[BlackElo "1500"]
[PlyCount "67"]
[EventDate "1999.09.03"]

1. e4 e5 2. Nf3 Nf6 3. Nc3 Nc6 4. Bc4 Bc5 5. O-O O-O 6. d3 d6 7. Bg5 h6 8. Bh4
Bg4 9. Nd5 g5 10. Nxf6+ Qxf6 11. Bg3 Nd4 12. c3 Nxf3+ 13. Kh1 Nxh2 14. f3 Nxf1
15. Qxf1 Be6 16. d4 exd4 17. cxd4 Bxd4 18. Bxe6 fxe6 19. Qb5 Bb6 20. e5 dxe5
21. Bxe5 Qg6 22. Qd7 Qh5+ 23. Bh2 Rae8 24. Re1 Rxf3 25. Qxe8+ Qxe8 26. gxf3 Qc6
27. Kg2 Qc2+ 28. Kh3 Qf2 29. Rg1 Qxg1 30. Bxg1 Bxg1 31. Kg4 Kg7 32. f4 gxf4 33.
Kxf4 Bh2+ 34. Ke4 {(...), 0-1.} 0-1

[Event "Michigan Open Reserve"]
[Site "Cadillac, MI"]
[Date "1999.09.05"]
[Round "3"]
[White "Saulmon, Scott"]
[Black "Miller, Jess"]
[Result "1-0"]
[WhiteElo "1528"]
[BlackElo "1231"]
[PlyCount "56"]
[EventDate "1999.09.03"]

1. e4 e6 2. d4 d5 3. Nd2 c5 4. Ngf3 Nc6 5. c3 Nge7 6. e5 Nf5 7. Nb3 cxd4 8.
cxd4 Qb6 9. a3 Bd7 10. Be2 Nce7 11. Bd2 Ba4 12. Bb4 Nc6 13. Bxf8 Rxf8 14. O-O
Bxb3 15. Qd2 Ncxd4 16. Nxd4 Nxd4 17. Rac1 Nxe2+ 18. Qxe2 Bc4 19. Rxc4 dxc4 20.
Qxc4 Qc6 21. Qf4 O-O-O 22. Rc1 Qxc1+ 23. Qxc1+ Kb8 24. g3 Rd5 25. Qg5 g6 26.
Qe7 Rxe5 27. Qxf8+ Kc7 28. Qxf7+ Kb6 1-0

[Event "Michigan Open Reserve"]
[Site "Cadillac, MI"]
[Date "1999.09.05"]
[Round "4"]
[White "Saulmon, Scott"]
[Black "Bohland, Jonathon"]
[Result "0-1"]
[WhiteElo "1528"]
[BlackElo "1157"]
[PlyCount "76"]
[EventDate "1999.09.03"]

1. e4 c5 2. Nc3 d6 3. f4 Nc6 4. Nf3 Nf6 5. Bc4 g6 6. O-O Bg7 7. d3 O-O 8. Qe1
a6 9. f5 b5 10. Bb3 b4 11. Ne2 a5 12. fxg6 hxg6 13. Nf4 e6 14. Be3 a4 15. Bc4
Ng4 16. Rb1 Nxe3 17. Qxe3 Nd4 18. Qd2 Nxf3+ 19. Rxf3 a3 20. bxa3 Rxa3 21. Ne2
Ba6 22. Bb3 Bb5 23. Rbf1 Bd7 24. Qf4 Qe7 25. Rd1 e5 26. Qg3 Kh7 27. Rdf1 Be6
28. Bxe6 fxe6 29. Qh3+ Kg8 30. Rxf8+ Bxf8 31. Qg4 Qe8 32. Rf6 Kg7 33. Rxe6 Qf7
34. Ng3 Rxa2 35. Nf5+ Kh7 36. Qh4+ Kg8 37. Ne7+ Bxe7 38. Rxe7 Ra1+ 0-1

[Event "Michigan Open Reserve"]
[Site "Cadillac, MI"]
[Date "1999.09.05"]
[Round "2"]
[White "Sanborn, Richard"]
[Black "Saulmon, Scott"]
[Result "1-0"]
[WhiteElo "1760"]
[BlackElo "1528"]
[PlyCount "63"]
[EventDate "1999.09.03"]

1. e4 d5 2. exd5 Nf6 3. d4 Nxd5 4. c4 Nb6 5. Nc3 Nc6 6. Be3 e5 7. d5 Ne7 8. Bc5
Ng6 9. Bxf8 Nxf8 10. Bd3 Ng6 11. Nge2 Qg5 12. O-O Bh3 13. Ng3 Bg4 14. f3 Bd7
15. c5 Nc8 16. Nb5 Qe3+ 17. Kh1 Bxb5 18. Bxb5+ Kd8 19. Qc2 Nge7 20. Rfe1 Qf4
21. Rad1 a6 22. d6 axb5 23. dxe7+ Kxe7 24. Qd3 Nb6 25. cxb6 Rhd8 26. Qxb5 Rxd1
27. Rxd1 Rd8 28. Re1 c6 29. Qxe5+ Qxe5 30. Rxe5+ Kf6 31. Re1 Rd2 32. Ne4+ 1-0

[Event "Michigan Open Reserve"]
[Site "Cadillac, MI"]
[Date "1999.09.05"]
[Round "4"]
[White "Sanborn, Richard"]
[Black "Croel, Duane"]
[Result "1-0"]
[WhiteElo "1760"]
[BlackElo "1762"]
[PlyCount "69"]
[EventDate "1999.09.03"]

1. e4 c5 2. Nf3 d6 3. d4 cxd4 4. Nxd4 Nf6 5. Nc3 g6 6. Be2 Bg7 7. Be3 O-O 8.
Qd2 Re8 9. O-O-O Nc6 10. f3 Bd7 11. g4 Rc8 12. h4 Ne5 13. h5 Nc4 14. Bxc4 Rxc4
15. hxg6 fxg6 16. g5 Nh5 17. Nde2 Qa5 18. Bd4 Rec8 19. Bxg7 Nxg7 20. Qd5+ Qxd5
21. Rxd5 b5 22. Rd4 R4c7 23. Rd2 Ne6 24. Nd5 Bc6 25. Nxc7 Rxc7 26. Rg1 Nc5 27.
Nd4 Bd7 28. Rh2 Nd3+ 29. Kb1 Nf4 30. Rh4 e5 31. Rgh1 Ng2 32. Rxh7 exd4 33. Re7
Kf8 34. Rhh7 d3 35. cxd3 1-0

[Event "Michigan Open Reserve"]
[Site "Cadillac, MI"]
[Date "1999.09.05"]
[Round "5"]
[White "Oss, Terry"]
[Black "Williams, Christopher"]
[Result "0-1"]
[WhiteElo "858"]
[BlackElo "763"]
[PlyCount "38"]
[EventDate "1999.09.03"]

1. d4 d5 2. Nf3 Nf6 3. e3 e6 4. c3 Nc6 5. Bd3 Bd6 6. O-O O-O 7. Nbd2 Ne7 8. e4
c5 9. e5 Bb8 10. exf6 gxf6 11. dxc5 Qc7 12. Re1 Ng6 13. Nb3 Nh4 14. Nxh4 Qxh2+
15. Kf1 Qxh4 16. Be3 e5 17. Bf5 Bxf5 18. Qxd5 Bg4 19. Nd2 Qh1# 0-1

[Event "Michigan Open Reserve"]
[Site "Cadillac, MI"]
[Date "1999.09.05"]
[Round "4"]
[White "Mose, Greg"]
[Black "Cox, Nick"]
[Result "1-0"]
[WhiteElo "1563"]
[BlackElo "1015"]
[PlyCount "117"]
[EventDate "1999.09.03"]

1. e4 c5 2. Nf3 d6 3. d4 cxd4 4. Nxd4 Nf6 5. Nc3 g6 6. Bb5+ Bd7 7. O-O Bg7 8.
Bg5 O-O 9. Re1 Bxb5 10. Ndxb5 Qa5 11. Bf4 a6 12. Nd4 e5 13. Nb3 Qd8 14. Be3 Nc6
15. f4 Qd7 16. Nd5 Nxd5 17. exd5 Ne7 18. fxe5 dxe5 19. Bc5 Rfd8 20. Bb6 Re8 21.
d6 Nc8 22. Bc7 b6 23. Qd5 Bf8 24. Qxa8 Nxd6 25. Qxa6 Qxc7 26. Qe2 Nf5 27. a4
Bd6 28. Qe4 Bc5+ 29. Nxc5 Qxc5+ 30. Kh1 Nd6 31. Qe3 Qc6 32. c3 e4 33. b4 Nc4
34. Qd4 Nd6 35. a5 bxa5 36. bxa5 Nf5 37. Qa4 Qa8 38. a6 e3 39. a7 e2 40. Qxe8+
Qxe8 41. a8=Q Qxa8 42. Rxa8+ Kg7 43. Rxe2 Nd6 44. Rd8 Nb7 45. Rb8 Nd6 46. Re3
Nc4 47. Re7 Nd6 48. Rd7 Nf5 49. Rbb7 Nh6 50. c4 Kf8 51. c5 Ke8 52. c6 Kf8 53.
c7 Kg7 54. c8=Q g5 55. Rxf7+ Nxf7 56. Qd7 Kh6 57. Qxf7 g4 58. Qf6+ Kh5 59.
Rxh7# 1-0

[Event "Michigan Open Reserve"]
[Site "Cadillac, MI"]
[Date "1999.09.05"]
[Round "5"]
[White "Moore, Robert"]
[Black "McCormick, Tim"]
[Result "0-1"]
[WhiteElo "1600"]
[BlackElo "1375"]
[PlyCount "108"]
[EventDate "1999.09.03"]

1. e4 d5 2. exd5 Qxd5 3. Nc3 Qa5 4. d4 c6 5. Bd2 Bf5 6. Nf3 e6 7. a3 Nf6 8. Be2
Nbd7 9. O-O Qc7 10. Bg5 Bd6 11. h3 h6 12. Bxf6 Nxf6 13. Bd3 Bxd3 14. Qxd3 O-O-O
15. Rfe1 g5 16. Ne4 Nxe4 17. Qxe4 Rdg8 18. Ne5 f5 19. Qe2 Bxe5 20. Qxe5 Qxe5
21. Rxe5 Kd7 22. c4 b6 23. Rd1 Rg6 24. d5 Kd6 25. Rde1 Re8 26. dxc6 Kxc6 27.
Rxf5 exf5 28. Rxe8 Kc5 29. Rc8+ Kd4 30. b4 Re6 31. Kf1 Kc3 32. c5 bxc5 33. bxc5
Kc4 34. Rc7 Ra6 35. Rf7 f4 36. Rf5 Ra5 37. Ke2 Rxc5 38. Rxc5+ Kxc5 39. Kd3 Kb5
40. h4 Ka4 41. h5 Kxa3 42. Ke4 a5 43. Kf5 Kb3 44. Kg6 a4 45. Kxh6 g4 46. Kg5 a3
47. Kxf4 a2 48. Kxg4 a1=Q 49. f3 Qg7+ 50. Kh3 Qg5 51. g4 Qf4 52. Kh4 Kc4 53. h6
Qxh6+ 54. Kg3 Kd4 0-1

[Event "Michigan Open Reserve"]
[Site "Cadillac, MI"]
[Date "1999.09.05"]
[Round "5"]
[White "Mitchell, Dave"]
[Black "Seppala, Travis"]
[Result "1-0"]
[WhiteElo "1295"]
[BlackElo "907"]
[PlyCount "121"]
[EventDate "1999.09.03"]

1. e4 d5 2. exd5 Qxd5 3. Nc3 Qa5 4. d4 Nf6 5. Nf3 Bf5 6. Bd2 a6 7. Bc4 e6 8.
O-O Bd6 9. Re1 O-O 10. Ne4 Qa4 11. Nxf6+ gxf6 12. Bb3 Qb5 13. c4 Qe8 14. Bh6
Bb4 15. Re3 Nc6 16. c5 Rd8 17. Rc1 Qe7 18. Bxf8 Qxf8 19. Nh4 Nxd4 20. Nxf5 Nxf5
21. Qg4+ Kh8 22. Qxb4 Nxe3 23. fxe3 Qh6 24. Qc3 Qg6 25. Bc2 Qg5 26. Rf1 e5 27.
Rf5 Qg7 28. Rh5 h6 29. Qe1 Rg8 30. Qg3 Qf8 31. Qf3 Qg7 32. Qxb7 f5 33. Bxf5 Qf6
34. Qf3 Rg5 35. Rxg5 Qxg5 36. Bd3 Qh4 37. g3 Qb4 38. Qf2 Qg4 39. Kg2 Qg7 40.
Qf5 Kg8 41. Qc8+ Qf8 42. Qxf8+ Kxf8 43. Bxa6 Ke7 44. b4 Ke6 45. Bc4+ Kd7 46. a4
Kc6 47. Kf3 f5 48. e4 f4 49. gxf4 exf4 50. Kxf4 Kb7 51. e5 Kc8 52. e6 Kd8 53.
a5 h5 54. a6 Ke8 55. a7 Kf8 56. Kf5 Ke7 57. a8=Q h4 58. Qd5 Ke8 59. Kf6 h3 60.
Qd7+ Kf8 61. Qf7# 1-0

[Event "Michigan Open Reserve"]
[Site "Cadillac, MI"]
[Date "1999.09.05"]
[Round "2"]
[White "Miller, Jess"]
[Black "Swathell, Gary"]
[Result "1/2-1/2"]
[WhiteElo "1231"]
[BlackElo "1551"]
[PlyCount "67"]
[EventDate "1999.09.03"]

1. d4 Nf6 2. c4 d5 3. e3 g6 4. Nc3 Bg7 5. Nf3 O-O 6. Qb3 c6 7. Be2 Bg4 8. Qxb7
Nbd7 9. Qxc6 Bxf3 10. Bxf3 Rc8 11. Qa4 dxc4 12. Bd2 e5 13. O-O exd4 14. exd4
Qb6 15. Rab1 a6 16. Bg5 h6 17. Bxf6 Nxf6 18. Rfd1 Qd6 19. d5 Rfd8 20. Qc2 Qc5
21. h3 Rd6 22. Ne4 Nxe4 23. Bxe4 Bd4 24. Rd2 Bg7 25. Rbd1 c3 26. bxc3 Qxc3 27.
Qxc3 Rxc3 28. Bf3 Bf8 29. Rb2 Kg7 30. Rdb1 Rc8 31. Rb6 Rcd8 32. Rxd6 Rxd6 33.
Rb7 Kf6 34. Rc7 1/2-1/2

[Event "Michigan Open Reserve"]
[Site "Cadillac, MI"]
[Date "1999.09.05"]
[Round "5"]
[White "Miller, Jess"]
[Black "Councell, Keith"]
[Result "0-1"]
[WhiteElo "1231"]
[BlackElo "1256"]
[PlyCount "90"]
[EventDate "1999.09.03"]

1. d4 c6 2. c4 d5 3. e3 Bf5 4. Nc3 e6 5. Nf3 Nf6 6. Qb3 Qc7 7. cxd5 exd5 8. Ne2
a5 9. Bd2 Ne4 10. Ng3 a4 11. Qd1 Bg4 12. Be2 Nxd2 13. Qxd2 Qa5 14. Qxa5 Rxa5
15. O-O Bd6 16. h3 Bxf3 17. Bxf3 g6 18. Bg4 h5 19. Be2 h4 20. Nh1 Nd7 21. f4 f5
22. Nf2 Nf6 23. Rac1 Kd7 24. Rfd1 a3 25. b3 Re8 26. Rd3 Bxf4 27. Rcc3 Bg3 28.
b4 Bxf2+ 29. Kxf2 Ne4+ 30. Kf3 Ra4 31. Rb3 Ke6 32. Bd1 Rg8 33. Ke2 g5 34. Ke1
f4 35. Bg4+ Kd6 36. Bf3 Rf8 37. Bd1 Ng3 38. Rb1 Raa8 39. Rbb3 fxe3 40. Rxe3
Rf1+ 41. Kd2 Rf2+ 42. Be2 Nf1+ 43. Kd3 Nxe3 44. Kxe3 Rxg2 45. Bg4 Rg3+ 0-1

[Event "Michigan Open Reserve"]
[Site "Cadillac, MI"]
[Date "1999.09.05"]
[Round "4"]
[White "McCormick, Tim"]
[Black "June, Brian"]
[Result "1/2-1/2"]
[WhiteElo "1375"]
[BlackElo "1700"]
[PlyCount "102"]
[EventDate "1999.09.03"]

1. e4 c5 2. c3 d5 3. e5 Nc6 4. d4 e6 5. Nf3 Qb6 6. a3 Bd7 7. b4 cxd4 8. cxd4
Nge7 9. Bb2 Rc8 10. Nc3 Nf5 11. Na4 Bxb4+ 12. axb4 Qxb4+ 13. Bc3 Qe7 14. Nc5 b6
15. Nxd7 Qxd7 16. Bb5 O-O 17. O-O Qe7 18. Qa4 Nxe5 19. dxe5 Rxc3 20. Qxa7 Qc5
21. Ba4 Rc8 22. h3 h6 23. Rfb1 Nd4 24. Nxd4 Qxd4 25. Qxb6 Qxe5 26. Re1 Qf4 27.
Bd7 Rb8 28. Qa7 Rb2 29. Ra2 Qd2 30. Rxb2 Qxe1+ 31. Kh2 Qe5+ 32. g3 Rc1 33. Qb8+
Qxb8 34. Rxb8+ Kh7 35. Rb6 Rc7 36. Rd6 Kg6 37. Bxe6 fxe6 38. Rxe6+ Kf5 39. Rd6
Ke4 40. Kg2 d4 41. Kf1 Kd3 42. f4 Ke3 43. f5 Kf3 44. Ke1 Kxg3 45. Rxd4 Kxh3 46.
Kf2 Rc2+ 47. Kf3 Rg2 48. Rd1 Rg3+ 49. Kf4 Rg4+ 50. Ke5 h5 51. Rh1+ Kg2 1/2-1/2

[Event "Michigan Open Reserve"]
[Site "Cadillac, MI"]
[Date "1999.09.05"]
[Round "2"]
[White "McCormick, Tim"]
[Black "Barta, Roger"]
[Result "1-0"]
[WhiteElo "1375"]
[BlackElo "1649"]
[PlyCount "75"]
[EventDate "1999.09.03"]

1. e4 e6 2. d4 d5 3. e5 c5 4. c3 Nc6 5. Nf3 Qb6 6. a3 c4 7. Be2 Bd7 8. O-O f6
9. Re1 O-O-O 10. Nbd2 fxe5 11. dxe5 Bc5 12. Rf1 Rf8 13. Rb1 Nh6 14. b4 Be7 15.
b5 Nb8 16. a4 Bc5 17. Ra1 Ng4 18. Qe1 Nxf2 19. Rxf2 g5 20. Ba3 Bxf2+ 21. Qxf2
Qxf2+ 22. Kxf2 g4 23. Bxf8 Rxf8 24. Kg1 gxf3 25. Nxf3 Be8 26. Nd4 Bg6 27. Nxe6
Re8 28. Bg4 Nd7 29. Nc5 Re7 30. Nxd7 Rxd7 31. Kf2 Kc7 32. Bxd7 Kxd7 33. Ke3 Ke6
34. Kd4 Be4 35. g3 Bf5 36. Rf1 h5 37. Rxf5 Kxf5 38. Kxd5 1-0

[Event "Michigan Open Reserve"]
[Site "Cadillac, MI"]
[Date "1999.09.05"]
[Round "5"]
[White "Mayer, Raymond"]
[Black "Jacobs, Ron"]
[Result "1-0"]
[WhiteElo "1345"]
[BlackElo "1279"]
[PlyCount "103"]
[EventDate "1999.09.03"]

1. d4 f5 2. e3 Nf6 3. Bd3 e6 4. c4 Be7 5. Nc3 O-O 6. Nf3 d5 7. Ne5 c6 8. Ne2
Bd7 9. Ng3 Be8 10. Be2 Bb4+ 11. Bd2 Bxd2+ 12. Qxd2 Ne4 13. Nxe4 fxe4 14. Bg4
Bd7 15. O-O Bc8 16. f3 exf3 17. Bxf3 Nd7 18. Nxd7 Bxd7 19. Bg4 Qe7 20. c5 Rxf1+
21. Rxf1 Rf8 22. Bf3 e5 23. e4 exd4 24. Qxd4 dxe4 25. Bxe4 Rxf1+ 26. Kxf1 Qf6+
27. Qxf6 gxf6 28. Kf2 h6 29. Kf3 Kg7 30. Kf4 Be6 31. a3 Bd5 32. Bxd5 cxd5 33.
Ke3 Kf7 34. Kd4 Ke6 35. b4 a6 36. a4 f5 37. g3 h5 38. h4 f4 39. gxf4 Kf5 40.
Kxd5 Kxf4 41. b5 axb5 42. axb5 Kg4 43. c6 bxc6+ 44. bxc6 Kxh4 45. c7 Kg3 46.
c8=Q h4 47. Qc3+ Kg2 48. Qd2+ Kg3 49. Qe1+ Kg4 50. Qh1 Kg3 51. Kd4 h3 52. Qg1+
1-0

[Event "Michigan Open Reserve"]
[Site "Cadillac, MI"]
[Date "1999.09.05"]
[Round "4"]
[White "Lin, Alan"]
[Black "Jacobs, Ron"]
[Result "1-0"]
[WhiteElo "1018"]
[BlackElo "1279"]
[PlyCount "54"]
[EventDate "1999.09.03"]

1. e4 c5 2. Nf3 d6 3. d4 cxd4 4. Nxd4 Nf6 5. Nc3 g6 6. Bc4 Bg7 7. f4 O-O 8. O-O
Nc6 9. Be3 Ng4 10. Nxc6 bxc6 11. Bd2 Qb6+ 12. Kh1 Nf2+ 13. Rxf2 Qxf2 14. Na4
Bb7 15. c3 d5 16. Bd3 dxe4 17. Be1 Qe3 18. Bd2 Qxd3 19. Nc5 Qb5 20. Be3 Rfd8
21. Qc1 Rab8 22. a4 Qe2 23. h3 e6 24. Rb1 Bf8 25. Nxe4 Rd3 26. Nf6+ Kg7 27. Bd4
Rxd4 {(Time), 0-1.} 1-0

[Event "Michigan Open Reserve"]
[Site "Cadillac, MI"]
[Date "1999.09.05"]
[Round "2"]
[White "Lin, Alan"]
[Black "Imai, Toshio"]
[Result "0-1"]
[WhiteElo "1018"]
[BlackElo "1500"]
[PlyCount "35"]
[EventDate "1999.09.03"]

1. e4 e5 2. Nf3 f5 3. Nxe5 Qf6 4. d4 d6 5. Nf3 fxe4 6. Qe2 Qg6 7. Nfd2 Nf6 8.
h3 d5 9. c4 c6 10. cxd5 cxd5 11. Qb5+ Nc6 12. Nc3 a6 13. Qb3 Nxd4 14. Qa4+ Nc6
15. Bxa6 Rxa6 16. Qb3 Nd4 17. Qd1 e3 18. Qe2 0-1

[Event "Michigan Open Reserve"]
[Site "Cadillac, MI"]
[Date "1999.09.05"]
[Round "5"]
[White "Labiner, Jordan"]
[Black "Haney, Mark"]
[Result "1/2-1/2"]
[WhiteElo "1554"]
[BlackElo "1478"]
[PlyCount "46"]
[EventDate "1999.09.03"]

1. e4 e5 2. f4 exf4 3. Nf3 g5 4. h4 g4 5. Ne5 Bg7 6. Nxg4 d6 7. c3 Nf6 8. Nxf6+
Qxf6 9. d4 Bd7 10. Qf3 Nc6 11. Bxf4 O-O-O 12. Bg5 Qxf3 13. gxf3 Rde8 14. Bh3 f5
15. Nd2 d5 16. e5 h6 17. Bf4 Be6 18. O-O-O Re7 19. Rhg1 Rh7 20. Nf1 h5 21. Ne3
Rf7 22. Rg5 Ne7 23. Nf1 Bh6 1/2-1/2

[Event "Michigan Open Reserve"]
[Site "Cadillac, MI"]
[Date "1999.09.05"]
[Round "5"]
[White "Kane, Paul"]
[Black "DeFrayne, Don"]
[Result "0-1"]
[WhiteElo "1643"]
[BlackElo "1428"]
[PlyCount "154"]
[EventDate "1999.09.03"]

1. d4 d5 2. c4 Nf6 3. Nf3 Bf5 4. Nc3 e6 5. cxd5 Nxd5 6. Qb3 Nb6 7. Ne5 Qxd4 8.
Nf3 Qd7 9. Bf4 Nc6 10. e3 Bd6 11. Rd1 Qe7 12. Bg5 f6 13. Bh4 a6 14. Rd2 Na5 15.
Qd1 Rd8 16. Nd4 Nac4 17. Bxc4 Nxc4 18. Nxf5 exf5 19. Re2 Be5 20. Qc2 Qd6 21.
O-O Bxh2+ 22. Kh1 Be5 23. Rd1 Qe7 24. Rxd8+ Qxd8 25. f4 Bxc3 26. Qxc3 Qd1+ 27.
Re1 Qg4 28. Bf2 Qh5+ 29. Kg1 Qf7 30. Rc1 Nd6 31. Qxc7 Qd7 32. Qb6 Ne4 33. Qc7
Qd2 34. Qc8+ Kf7 35. Qxb7+ Kg6 36. Rf1 Nxf2 37. Rxf2 Qe1+ 38. Rf1 Qxe3+ 39. Kh1
Qe2 40. Kg1 Qe3+ 41. Kh1 Qe2 42. Kg1 Rd8 43. Qf3 Qxb2 44. Rf2 Qb1+ 45. Kh2 Rd3
46. Qc6 Qe1 47. Rf3 Qh4+ 48. Kg1 Rd1+ 49. Rf1 Rxf1+ 50. Kxf1 Qxf4+ 51. Kg1 Qd4+
52. Kh2 Qe5+ 53. Kg1 Qa1+ 54. Kh2 Qxa2 55. Qe8+ Qf7 56. Qe3 Qc7+ 57. Kh1 Qe5
58. Qd3 a5 59. Qa3 Qe1+ 60. Kh2 Qh4+ 61. Kg1 a4 62. g3 Qc4 63. Kg2 Qb3 64. Qf8
a3 65. Qe8+ Qf7 66. Qa4 a2 67. Kh3 Qd5 68. Kh2 Qd2+ 69. Kh3 Qe2 70. Qa8 Qf1+
71. Kh2 Qe2+ 72. Kh3 h5 73. Qa3 Qf1+ 74. Kh2 a1=Q 75. g4 Qe5+ 76. Qg3 Qf2+ 77.
Kh1 Qee1+ 0-1

[Event "Michigan Open Reserve"]
[Site "Cadillac, MI"]
[Date "1999.09.05"]
[Round "5"]
[White "June, Brian"]
[Black "Lin, Alan"]
[Result "1-0"]
[WhiteElo "1700"]
[BlackElo "1018"]
[PlyCount "53"]
[EventDate "1999.09.03"]

1. e4 c5 2. Nf3 d6 3. d4 cxd4 4. Nxd4 Nf6 5. Nc3 g6 6. Be3 Bg7 7. Bc4 O-O 8. f3
Nc6 9. Qd2 Ne5 10. Bb3 Bd7 11. Bh6 a6 12. h4 Nc6 13. Nxc6 Bxc6 14. g4 Qa5 15.
O-O-O Nd7 16. Bxg7 Kxg7 17. h5 Rh8 18. Kb1 Nc5 19. Bd5 f6 20. g5 Qc7 21. gxf6+
exf6 22. Qf4 Rad8 23. h6+ Kf8 24. Qxf6+ Ke8 25. Qxh8+ Kd7 26. Qxh7+ Kc8 27.
Qxg6 1-0

[Event "Michigan Open Reserve"]
[Site "Cadillac, MI"]
[Date "1999.09.05"]
[Round "5"]
[White "Johnson, Donta"]
[Black "Sanborn, Richard"]
[Result "1-0"]
[WhiteElo "1483"]
[BlackElo "1760"]
[PlyCount "111"]
[EventDate "1999.09.03"]

1. e4 c5 2. Nf3 d6 3. d4 cxd4 4. Nxd4 Nf6 5. Nc3 a6 6. Be2 g6 7. Be3 Bg7 8. Qd2
Nc6 9. O-O-O Qc7 10. Bh6 O-O 11. Bxg7 Kxg7 12. h4 h6 13. f4 Bg4 14. Bxg4 Nxg4
15. f5 Nce5 16. fxg6 Kxg6 17. Nd5 Qd8 18. Nf4+ Kh7 19. h5 Nc4 20. Qe2 Nge3 21.
Rd3 e5 22. Nde6 Qf6 23. Nxf8+ Rxf8 24. Nd5 Qg5 25. Nxe3 Nxe3 26. Qxe3 Qe7 27.
Rhd1 Rd8 28. Qb6 Qg5+ 29. Kb1 Rd7 30. Rxd6 Re7 31. Qd8 b5 32. Rd7 Rxd7 33. Qxd7
Qxh5 34. Qf5+ Qxf5 35. exf5 h5 36. Rd6 a5 37. b3 Kg7 38. c4 bxc4 39. bxc4 f6
40. c5 Kh6 41. Rxf6+ Kg5 42. Rf8 e4 43. c6 e3 44. Kc2 Kf4 45. c7 Kg3 46. c8=Q
Kf2 47. Re8 h4 48. Qe6 h3 49. Qxe3+ Kf1 50. Qe1+ Kxg2 51. Rg8+ Kf3 52. Qf1+ Ke4
53. Re8+ Kd5 54. Re6 h2 55. Kc3 h1=Q 56. Qc4# 1-0

[Event "Michigan Open Reserve"]
[Site "Cadillac, MI"]
[Date "1999.09.05"]
[Round "5"]
[White "James, Larry"]
[Black "Grzegorczyk, Ron"]
[Result "1-0"]
[WhiteElo "1748"]
[BlackElo "1500"]
[PlyCount "161"]
[EventDate "1999.09.03"]

1. e4 c5 2. Nf3 Nc6 3. d4 cxd4 4. Nxd4 e6 5. Nc3 a6 6. a3 Be7 7. Be3 Bf6 8. f4
d5 9. e5 Be7 10. Be2 Nh6 11. O-O Nxd4 12. Bxd4 Nf5 13. Bf2 g6 14. Bd3 d4 15.
Ne4 Ne3 16. Bxe3 dxe3 17. Qf3 Qb6 18. b3 e2+ 19. Rf2 Bd7 20. Qxe2 Bc6 21. Kh1
Bxe4 22. Bxe4 Rd8 23. Qf3 Rd7 24. Rff1 O-O 25. b4 Rfd8 26. Rad1 Qc7 27. Rxd7
Rxd7 28. Rd1 b6 29. Rxd7 Qxd7 30. Bd3 Qd4 31. Qa8+ Kg7 32. Qxa6 Qxf4 33. Qxb6
Qxe5 34. g3 Qa1+ 35. Kg2 Qxa3 36. Qd4+ Bf6 37. Qc4 Qa7 38. Qe4 Bd4 39. c4 Qa2+
40. Qe2 Qa8+ 41. Be4 Qb8 42. Qd3 e5 43. Qb1 Bc3 44. b5 Bd4 45. Qb4 Qb6 46. g4
Bc5 47. Qc3 Qf6 48. Qf3 Qg5 49. Bd3 h5 50. h3 h4 51. Qe4 Qd2+ 52. Be2 Bd4 53.
Qf3 Qe1 54. Qf1 Qg3+ 55. Kh1 Be3 56. Qg2 Qe1+ 57. Qf1 Qxf1+ 58. Bxf1 f5 59. Kg2
f4 60. Kf3 Kf6 61. Ke4 Ke6 62. g5 Bc5 63. Be2 Be7 64. b6 Kd7 65. Kxe5 Bxg5 66.
c5 f3 67. Bxf3 Be3 68. Kd5 Kc8 69. Kc4 Kb8 70. Kb5 Bf2 71. c6 Bg3 72. Bg4 Bf4
73. Kc5 Be3+ 74. Kb5 Bf4 75. Kc4 g5 76. Kd5 Bg3 77. Ke6 Kc8 78. Ke7+ Kb8 79.
Kd7 Bf4 80. c7+ Bxc7 81. bxc7+ 1-0

[Event "Michigan Open Reserve"]
[Site "Cadillac, MI"]
[Date "1999.09.05"]
[Round "3"]
[White "Jacobs, Ron"]
[Black "Seppala, Travis"]
[Result "1-0"]
[WhiteElo "1279"]
[BlackElo "907"]
[PlyCount "37"]
[EventDate "1999.09.03"]

1. e4 d5 2. exd5 Qxd5 3. Nc3 Qa5 4. Nf3 Nc6 5. d4 e6 6. Bd2 a6 7. Be2 Bd6 8.
O-O Qh5 9. Ne4 Be7 10. Ne5 Qf5 11. Ng3 Qf6 12. Nh5 Qh4 13. Nxg7+ Kf8 14. g3
Qxd4 15. Nxc6 bxc6 16. Nxe6+ Bxe6 17. Bh6+ Nxh6 18. Qxd4 Nf5 19. Qxh8# 1-0

[Event "Michigan Open Reserve"]
[Site "Cadillac, MI"]
[Date "1999.09.05"]
[Round "1"]
[White "Jacobs, Ron"]
[Black "Sanborn, Richard"]
[Result "0-1"]
[WhiteElo "1279"]
[BlackElo "1760"]
[PlyCount "56"]
[EventDate "1999.09.03"]

1. e4 c5 2. Nf3 d6 3. d4 cxd4 4. Nxd4 Nf6 5. Nc3 g6 6. Be3 Bg7 7. f3 O-O 8. Qd2
Re8 9. Bc4 a6 10. O-O-O Qc7 11. Bb3 Nc6 12. h4 b5 13. h5 Nxh5 14. g4 Nxd4 15.
Bxd4 Bxd4 16. Qxd4 Nf6 17. Qd2 Be6 18. Qh6 Rec8 19. Nd5 Bxd5 20. exd5 a5 21. g5
Nh5 22. Rxh5 gxh5 23. Rh1 e5 24. Rxh5 f5 25. c3 b4 26. Qe6+ Qf7 27. Qxd6 Qxh5
28. Qxe5 a4 0-1

[Event "Michigan Open Reserve"]
[Site "Cadillac, MI"]
[Date "1999.09.05"]
[Round "1"]
[White "Imai, Toshio"]
[Black "Oss, Terry"]
[Result "1/2-1/2"]
[WhiteElo "1500"]
[BlackElo "858"]
[PlyCount "41"]
[EventDate "1999.09.03"]

1. e4 e6 2. d4 d5 3. e5 c5 4. c3 Nc6 5. Nf3 cxd4 6. cxd4 Qb6 7. Nc3 Nge7 8. Na4
Qc7 9. Bf4 Nf5 10. a3 Be7 11. Rc1 a6 12. Bd3 Qa5+ 13. Bd2 Qd8 14. Bg5 Bxg5 15.
Nxg5 Qxg5 16. O-O Nfxd4 17. Nb6 Rb8 18. f4 Qe7 19. Rc3 Qd8 20. Na4 O-O 21.
Bxh7+ 1/2-1/2

[Event "Michigan Open Reserve"]
[Site "Cadillac, MI"]
[Date "1999.09.05"]
[Round "4"]
[White "Holladay, Jason"]
[Black "Kelly, James"]
[Result "0-1"]
[WhiteElo "1289"]
[BlackElo "1586"]
[PlyCount "152"]
[EventDate "1999.09.03"]

1. e4 e5 2. Nf3 Nc6 3. Bb5 a6 4. Ba4 Nf6 5. O-O Be7 6. d4 b5 7. Bb3 d6 8. d5
Na5 9. Re1 Nxb3 10. axb3 O-O 11. c4 b4 12. Bd2 Rb8 13. Qc2 Bg4 14. Qd3 Nd7 15.
Qe2 Nc5 16. Bc1 Qc8 17. Be3 Nxb3 18. Ra2 c5 19. Nbd2 Nd4 20. Bxd4 exd4 21. Qd3
Bf6 22. h3 Bh5 23. e5 dxe5 24. Nxe5 Re8 25. Qg3 Qc7 26. f4 Qe7 27. Ndf3 Bxf3
28. Qxf3 Qd6 29. Qg3 Qe7 30. Qf3 Qd6 31. Nd3 Rxe1+ 32. Nxe1 Re8 33. Nd3 Re3 34.
Qf1 Bh4 35. Ra1 Bg3 36. Ne5 h5 37. Nd3 f6 38. b3 h4 39. Ra2 g6 40. Rf2 Bxf2+
41. Kxf2 g5 42. Kg1 Qe7 43. Kh2 Kg7 44. fxg5 fxg5 45. Qf5 Qd6+ 46. Kg1 Qe7 47.
d6 Qxd6 48. Qxg5+ Qg6 49. Qxg6+ Kxg6 50. Nxc5 Rc3 51. Kf2 Kf5 52. Ke2 Rc2+ 53.
Kd3 Rxg2 54. Kxd4 Rg3 55. Nd3 Rxh3 56. c5 Rxd3+ 57. Kxd3 Ke6 58. c6 Kd6 59. c7
Kxc7 60. Ke2 Kd6 61. Kf2 Kd5 62. Kg2 Kd4 63. Kh3 Kc3 64. Kxh4 Kxb3 65. Kg3 Kc2
66. Kf3 b3 67. Ke2 b2 68. Kf2 b1=Q 69. Kg2 Qb3 70. Kg1 Kd2 71. Kf1 Qd3+ 72. Kg1
Ke2 73. Kg2 Qf3+ 74. Kg1 Qg4+ 75. Kh1 Kf3 76. Kh2 Qg2# 0-1

[Event "Michigan Open Reserve"]
[Site "Cadillac, MI"]
[Date "1999.09.05"]
[Round "5"]
[White "Hogarth, Frank"]
[Black "Holladay, Jason"]
[Result "0-1"]
[WhiteElo "879"]
[BlackElo "1289"]
[PlyCount "56"]
[EventDate "1999.09.03"]

1. e4 e5 2. Nf3 Nc6 3. Bc4 Bc5 4. Nc3 Nf6 5. d3 Nd4 6. Nxe5 O-O 7. Nd5 c6 8.
Bg5 cxd5 9. Bxd5 d6 10. f4 Ne6 11. c3 Nxg5 12. fxg5 Nxd5 13. exd5 dxe5 14. Qf3
Qxg5 15. Rd1 Bg4 16. Qg3 Qe3+ 17. Qxe3 Bxe3 18. Rb1 b5 19. b3 Bf5 20. Rd1 Rac8
21. g4 Bg6 22. d4 exd4 23. cxd4 Rc2 24. h4 Re8 25. d6 Bxd4+ 26. Kf1 Rf2+ 27.
Kg1 Rd2+ 28. Kf1 Bd3# 0-1

[Event "Michigan Open Reserve"]
[Site "Cadillac, MI"]
[Date "1999.09.05"]
[Round "4"]
[White "Hogarth, Frank"]
[Black "Duweck, Mike"]
[Result "0-1"]
[WhiteElo "879"]
[BlackElo "1439"]
[PlyCount "102"]
[EventDate "1999.09.03"]

1. e4 c5 2. Bc4 d6 3. Nc3 Nf6 4. d3 g6 5. Nf3 Bg7 6. Ng5 O-O 7. O-O Nc6 8. Be3
a6 9. f4 Ng4 10. Rf3 Nxe3 11. Rxe3 Bd4 12. Qd2 Bxe3+ 13. Qxe3 Nd4 14. Qf2 Be6
15. f5 Bxc4 16. dxc4 e5 17. f6 Ne6 18. Qh4 h5 19. Nd5 Nxg5 20. Qxg5 Kh7 21. g4
Re8 22. Ne3 Re6 23. Rf1 Qf8 24. Nf5 gxf5 25. Qxf5+ Kg8 26. Qxh5 Rxf6 27. Rxf6
Qg7 28. g5 Rd8 29. g6 Qxf6 30. Qh7+ Kf8 31. gxf7 Qg7+ 32. Qxg7+ Kxg7 33. h4 Rf8
34. Kg2 Rxf7 35. Kg3 Rf4 36. c3 Kg6 37. a3 Rxe4 38. b3 Kh5 39. Kf3 Rf4+ 40. Ke3
Kxh4 41. Kd3 Kg3 42. b4 cxb4 43. cxb4 Kf2 44. Kc3 Rd4 45. Kb3 b5 46. cxb5 axb5
47. a4 bxa4+ 48. Kxa4 e4 49. Ka5 e3 50. b5 e2 51. b6 e1=Q+ 0-1